Vplyv pH a konkurenčných prvkov na sorpciu prométia

Na minha lista:
Detalhes bibliográficos
Autor principal: Paholek, Erik (Author)
Formato: Manuscrito Livro
Idioma:eslovaco
Publicado em: Bratislava : STU v Bratislave FCHPT, 2003
Edição:Obháj.: 2.6.2003
Tags: Adicionar Tag
Sem tags, seja o primeiro a adicionar uma tag!

MARC

LEADER 00000ntm a22000003a 4500
001 stu80739
005 20150617225637.0
008 030603s2003----xo------------------slo-d
040 |a STU  |b slo 
041 0 |a slo 
044 |a xo 
100 1 |a Paholek, Erik  |4 aut 
245 1 |a Vplyv pH a konkurenčných prvkov na sorpciu prométia 
250 |a Obháj.: 2.6.2003 
260 |a Bratislava :  |b STU v Bratislave FCHPT,  |c 2003 
300 |a 52 s. Tab.,grafy,lit 
500 |a Odbor: Chémia a technológia životného prostredia 
996 |b 284C030023  |c C*D13766  |l CCI  |s A  |a 24  |w stu80739_0001